000 00755nam a2200181Ia 4500
008 100921s9999 xx 000 0 und d
082 _b30947
_a891.463 थ 95
100 _aचित्रे दिलीप.संपा.
245 _aभाऊ पाध्ये यांच्या श्रेष्ठ कथा.
260 _bलोकवाङमय प्रकाशन गृह,मुंबई.
_c1995
300 _a292
_b---
365 _b175
520 _aललित-कथा.
630 _aभाऊ पाध्ये यांच्या श्रेष्ठ कथा.
650 _aललित-कथा.
730 _aभाऊ पाध्ये यांच्या श्रेष्ठ कथा.
942 _cBOOK
999 _c780060
_d780057